LEADER 01056nam a2200241 u 4500 001 000000040256 003 CaOOAMICUS 005 20070226114101.0 008 980526m18721873it u000 u ita u 035 $a10796203 040 $aPUL(R)$bita 100 1 $aBorsari, Luigi.$0(OLS)http://pul/name/28374 245 13$aIl Codice italiano di procedura civile /$cannotato dal commentatore Luigi Borsari. 250 $a3. ed. 260 $aNapoli :$bUTET,$c1872-1873. 300 $a2 v. ;$c23 cm 650 4$aDiritto processuale civile.$0(OLS)http://pul/subject/1785 850 $aPUL 852 $aPUL$W1$xDP1 Antico 800$y27$m177 C 30-31$j54730$nBK-PRI$b $qStampati Antico$B54730$CPULBib$Z2$F54730 $H $81 852 $aPUL$W1$xDP1 Antico 800$y27$m177 C 30-31$j54730$nBK-PRI$b $qStampati Antico$B54731$CPULBib$Z2$F54731 $H $81 941 1 $a15 996 $6245$aIl Codice italiano di procedura civile$9(OLS)http://pul/title/54355 996 $6260$aNapoli :$bUTET$9(OLS)http://pul/publisher/64275 LEADER 01296nam a2200265 u 4500 001 000000055204 003 CaOOAMICUS 005 20070226115747.0 008 010119s1963 sz u000 u ger u 035 $a10865839 040 $aPUL(R)$bita 100 1 $aJedin, Hubert,$csac.,$d1900-1980.$0(OLS)http://pul/name/4262 245 10$aBischöfliches Konzil oder Kirchenparlament? :$bein Beitrag zur Ekklesiologie der Konzilien von Konstanz und Basel /$cHubert Jedin. 260 $aBasel :$bHelbing & Lichtenhahn,$c1963. 300 $a38 p. ;$c23 cm 490 1 $aVorträge der Aeneas-Silvius-Stiftung an der Universität Basel ;$v2 500 $aBibliografia in nota. 650 4$aConciliarismo.$0(OLS)http://pul/subject/2566 830 0$aVorträge der Aeneas-Silvius-Stiftung an der Universität Basel ;$v2.$0(OLS)http://pul/title/73948 850 $aPUL 852 $aPUL$W1$xDP1 Fondo Maccarrone$y58$m1520 F 59$j72638$nBK-PRI$b $qFondi$B72638$CPULBib$Z2$F72638 $H $81 941 1 $a1 961 $aINV: F, Maccarrone 996 $6245$aBischöfliches Konzil oder Kirchenparlament? :$bein Beitrag zur Ekklesiologie der Konzilien von Konstanz und Basel$9(OLS)http://pul/title/73947 996 $6260$aBasel :$bHelbing & Lichtenhahn$9(OLS)http://pul/publisher/51141